The Satan bug (Record no. 233446)

000 -LEADER
fixed length control field 00674cam a22002171 4500
001 - CONTROL NUMBER
control field 8439145
003 - CONTROL NUMBER IDENTIFIER
control field Nust
005 - DATE AND TIME OF LATEST TRANSACTION
control field 20170308095418.0
008 - FIXED-LENGTH DATA ELEMENTS--GENERAL INFORMATION
fixed length control field 750716s1962 nyu 000 1 eng
010 ## - LIBRARY OF CONGRESS CONTROL NUMBER
LC control number 62015837
020 ## - INTERNATIONAL STANDARD BOOK NUMBER
International Standard Book Number 9780006157502
035 ## - SYSTEM CONTROL NUMBER
System control number (OCoLC)1452427
040 ## - CATALOGING SOURCE
Original cataloging agency DLC
Transcribing agency FO
Modifying agency OCoLC
-- DLC
042 ## - AUTHENTICATION CODE
Authentication code premarc
050 00 - LIBRARY OF CONGRESS CALL NUMBER
Classification number PZ4.M1626
Item number Sat
Classification number PR6063.A248
082 ## - DEWEY DECIMAL CLASSIFICATION NUMBER
Classification number 823.914
Author Mark MAC
100 1# - MAIN ENTRY--PERSONAL NAME
Personal name MacLean, Alistair,
Dates associated with a name 1922-1987.
245 14 - TITLE STATEMENT
Title The Satan bug
Statement of responsibility, etc. Alistair, MacLean
260 ## - PUBLICATION, DISTRIBUTION, ETC.
Place of publication, distribution, etc. New York,
Name of publisher, distributor, etc. Scribner
Date of publication, distribution, etc. 1962
300 ## - PHYSICAL DESCRIPTION
Extent 372 p.
Dimensions 22 cm.
650 ## - SUBJECT ADDED ENTRY--TOPICAL TERM
Topical term or geographic name entry element Biological weapons
General subdivision Fiction
906 ## - LOCAL DATA ELEMENT F, LDF (RLIN)
a 7
b cbc
c oclcrpl
d u
e ncip
f 19
g y-gencatlg
942 ## - ADDED ENTRY ELEMENTS (KOHA)
Source of classification or shelving scheme
Koha item type Book
Holdings
Withdrawn status Lost status Source of classification or shelving scheme Damaged status Not for loan Collection code Permanent Location Current Location Shelving location Date acquired Total Checkouts Total Renewals Full call number Barcode Date last seen Date last checked out Copy number Price effective from Koha item type
            Central Library (CL) Central Library (CL) Fiction 03/08/2017 2 1 823.914 MAC CL107 01/24/2020 10/29/2019 1 03/08/2017 Book
© 2023 Central Library, National University of Sciences and Technology. All Rights Reserved.